000 00841nas a2200265 4500
001 BR0704523
003 BR-BrBNA
005 20231205111122.0
007 ta
008 230509b bl.|||p| |||| 00| 00por d
040 _aBR-BrBNA
_bpor
_cBiblioteca Nacional de Agricultura
041 _a(En)
072 _aH10
100 1 _aCelis, V.E.R. de
100 1 _aGassen, D.N.
100 1 _aJacques, S.M.C.
100 1 _aValente, V.L.S.
100 1 _aOliveira, A.K.
245 1 _aMorphometric observations on three populations of Schizaphis graminum (Rondani)a main wheat aphid pest in Brazil
650 _aINSETO
650 _aHOMOPTERO
773 0 _tAnais da Sociedade Entomológica do Brasil (Brazil)
_xISSN 0301-8059
_g(Dec 1997), v. 26(3) p. 417-248
_wBR0704523
909 _a202311
_bLúcia
_c55
_dLúcia Elande
942 _2AGRIS
_n0
_cANA
999 _c190772
_d190772